Statistics for 2010s NFL All Decade Team

Click here to take the quiz!

General Stats

  • This quiz has been taken 2,240 times
    (2,181 since last reset)
  • The average score is 7 of 24

Answer Stats

HintAnswer% Correct
QBAaron Rodgers
84%
RBAdrian Peterson
76%
TERob Gronkowski
64%
WRCalvin Johnson
62%
WRJulio Jones
62%
CBRichard Sherman
48%
TJoe Thomas
45%
SEarl Thomas
44%
DEJJ Watt
44%
CBDarrelle Revis
36%
TEJimmy Graham
28%
LBVon Miller
25%
WRAJ Green
23%
DTNdamukong Suh
19%
LBPatrick Willis
16%
GMarshal Yanda
13%
STroy Polamalu
13%
CMike Pouncey
11%
DEJared Allen
9%
TJoe Staley
7%
DTGeno Atkins
6%
FBVonta Leach
6%
LBJustin Houston
4%
GMike Iupati
2%

Score Distribution

Percentile by Number Answered

Percent of People with Each Score

Your Score History

You have not taken this quiz since the last reset